Molecular cell biology molecular cell biology (Record no. 395095)
[ view plain ]
| 000 -LEADER | |
|---|---|
| fixed length control field | 00792 a2200301 4500 |
| 005 - DATE & TIME | |
| control field | 20260129110134.0 |
| 008 - FIXED-LENGTH DATA ELEMENTS--GENERAL INFORMATION | |
| fixed length control field | 260128b |||||||| |||| 00| 0 eng d |
| 020 ## - ISBN | |
| International Standard Book Number | 9781319365486 |
| Price | £ 83.99 |
| 040 ## - CATALOGING SOURCE | |
| Original cataloging agency | VIVEKANANDA LIBRARY |
| 082 ## - DDC NUMBER | |
| Classification number | 571.6 |
| Book Number | L821M(9) |
| 100 ## - MAIN ENTRY--PERSONAL NAME | |
| Personal name | lodish, Harvey |
| 245 ## - TITLE STATEMENT | |
| Title | Molecular cell biology molecular cell biology |
| 250 ## - EDITION STATEMENT | |
| Edition statement | 9th |
| 260 ## - PUBLICATION, DISTRIBUTION, ETC. (IMPRINT) | |
| Name of publisher, distributor, etc | Macmillan Learning |
| Date of publication, distribution, etc | 2021 |
| Place of publication, distribution, etc | New York |
| 300 ## - PHYSICAL DESCRIPTION | |
| Pages | xliii, 1184 |
| 650 ## - Subject | |
| Subject | Biology |
| 650 ## - Subject | |
| Subject | Cell Biology |
| 650 ## - Subject | |
| Subject | Molecular Biology |
| 700 ## - Added Entry Personal Name | |
| Added Entry Personal Name | Berk, Arnold |
| 700 ## - Added Entry Personal Name | |
| Added Entry Personal Name | Kaiser, Chris A |
| 700 ## - Added Entry Personal Name | |
| Added Entry Personal Name | Krieger, Monty |
| 700 ## - Added Entry Personal Name | |
| Added Entry Personal Name | Bretscher, Anthony |
| 700 ## - Added Entry Personal Name | |
| Added Entry Personal Name | Ploegh, Hidde |
| 700 ## - Added Entry Personal Name | |
| Added Entry Personal Name | Martin, Kelsey C |
| 700 ## - Added Entry Personal Name | |
| Added Entry Personal Name | Yaffe, Michael B |
| 700 ## - Added Entry Personal Name | |
| Added Entry Personal Name | Amon, Angelika |
| 942 ## - ADDED ENTRY ELEMENTS (KOHA) | |
| Koha item type | Books |
| Withdrawn status | Lost status | Source of classification or shelving scheme | Damaged status | Not for loan | Location (home branch) | Sublocation or collection (holding branch) | Shelving location | Date acquired | Koha issues (times borrowed) | Koha full call number | Accession No. | Koha date last seen | Koha item type |
|---|---|---|---|---|---|---|---|---|---|---|---|---|---|
| Dewey Decimal Classification | VIVEKANANDA LIBRARY | VIVEKANANDA LIBRARY | Vivekananda Library | 07/01/2026 | 571.6 L821M(9) | 443931 | 07/01/2026 | Books |
